000
00256nam a2200109 a 4500
005
20140414131900.0
008
120327s19uu xx 00 eng d
050
_a
FIL 398.6
_b
B85 2008
245
_a
Mga bugtong at tula.
650
_a
Poems
999
_c
110608
_d
110608